Manual de ortopedia y fracturas

Saved in:
Bibliografiske detaljer
Main Authors: Apley, A. Graham (Author), Solomon, Louis (Author)
Format: Bog
Sprog:spansk
Udgivet: Barcelona Masson 1997
Udgivelse:2a. ed
Fag:
Tags: Tilføj Tag
Ingen Tags, Vær først til at tagge denne postø!

MARC

LEADER 00000nam a2200000 a 4500
001 UCQ1561
003 CL-VaPUC
008 980721e19970000SP |||||||||||||||||spa|d
082 0 4 |a 617.3  |b APL  |2 21 
100 0 |a Apley, A. Graham  |e author  |9 415296 
700 0 |a Solomon, Louis  |e author  |9 415297 
245 1 0 |a Manual de ortopedia y fracturas 
250 |a 2a. ed 
300 |a 435 p 
942 |c BK 
945 |d 19980721 00:00:00  |a aarredon 
260 |a Barcelona  |b Masson  |c 1997 
650 0 |a Ortopedia  |9 341017 
650 7 |a FRACTURAS  |2 CL-VaPUC  |9 381294 
650 0 |a Huesos  |9 269551 
650 7 |a REUMATISMO  |2 CL-VaPUC  |9 415298 
650 7 |a TRASTORNOS ENDOCRINOS  |2 CL-VaPUC  |9 415299 
650 7 |a DISPLASIAS  |2 CL-VaPUC  |9 415300 
650 7 |a TUMORES  |2 CL-VaPUC  |9 415301 
650 7 |a HOMBRO  |2 CL-VaPUC  |9 415302 
650 7 |a CODO  |2 CL-VaPUC  |9 408401 
650 7 |a MUÑECA  |2 CL-VaPUC  |9 409895 
650 7 |a RODILLA  |2 CL-VaPUC  |9 408403 
650 7 |a ESPALDA  |2 CL-VaPUC  |9 384842 
650 0 |a Columna vertebral  |9 307410 
583 |a last modification  |c 19980721 00:00:00  |k Rodrigo Vera 
999 |c 272484  |d 272482 
952 |0 0  |1 0  |4 0  |6 617_300000000000000_APL_1997  |7 0  |8 A  |9 307512  |a BIBCUR  |b BIBCUR  |d 2019-11-20  |i 3441024  |o 617.3 APL 1997  |p 3441024  |r 2025-04-22  |w 2019-11-20  |y BK  |k KIN 
952 |0 0  |1 0  |4 0  |6 617_300000000000000_APL_1997  |7 0  |8 A  |9 307513  |a BIBCUR  |b BIBCUR  |d 2019-11-20  |i 3471624  |o 617.3 APL 1997  |p 3471624  |r 2025-04-22  |w 2019-11-20  |y BK  |k KIN 
952 |0 0  |1 0  |4 0  |6 617_300000000000000_APL_1997  |7 0  |8 A  |9 307514  |a BIBCUR  |b BIBCUR  |d 2019-11-20  |i 3471632  |o 617.3 APL 1997  |p 3471632  |r 2025-04-22  |w 2019-11-20  |y BK  |k KIN 
952 |0 0  |1 0  |4 0  |6 617_300000000000000_APL_1997  |7 0  |8 A  |9 307515  |a BIBCUR  |b BIBCUR  |d 2019-11-20  |i 3471640  |o 617.3 APL 1997  |p 3471640  |r 2025-04-22  |w 2019-11-20  |y BK  |k KIN 
952 |0 0  |1 0  |4 0  |6 617_300000000000000_APL_1997  |7 0  |8 A  |9 307516  |a BIBCUR  |b BIBCUR  |d 2019-11-20  |i 3471659  |o 617.3 APL 1997  |p 3471659  |r 2025-04-22  |w 2019-11-20  |y BK  |k KIN 
952 |0 0  |1 0  |4 0  |6 617_300000000000000_APL_1997  |7 0  |8 A  |9 307517  |a BIBCUR  |b BIBCUR  |d 2019-11-20  |i 3471667  |o 617.3 APL 1997  |p 3471667  |r 2025-04-22  |w 2019-11-20  |y BK  |k KIN